00345nam a2200145Ia 45000030006000000080041000060400015000471000018000622450042000802500006001222600034001283000006001625460014001680050017001820STCL150530s9999 xx 000 0 und d aSTCLcSTCL aGeorge Thayil aHrudrogam - munkaruthalum chikilsayum a1 bCurrent Booksc2005aKottayam a0 aMalayalam20220125170514.0